[Event "MFR_HT_2015"]
[Site "Nürnberg"]
[Date "2015.04.01"]
[Round "4.12"]
[White "Giering, Götz"]
[Black "Link, Andreas"]
[Result "1/2-1/2"]
[WhiteElo "1766"]
[BlackElo "1983"]
[PlyCount "79"]
[EventDate "2015.??.??"]
[WhiteTeam "SV Lauf"]
[BlackTeam "Zabo-Eintr Nürnberg"]

1. d4 Nf6 2. c4 g6 3. Nc3 d5 4. cxd5 Nxd5 5. Bd2 Bg7 6. e4 Nxc3 7. Bxc3 c5 8.
d5 O-O 9. Nf3 Bg4 10. Be2 Bxf3 11. Bxf3 Nd7 12. Bxg7 Kxg7 13. O-O Qc7 14. Be2
Qe5 15. Qc2 Nf6 16. Bd3 Rac8 17. Qe2 c4 18. Bxc4 Qxe4 19. Qxe4 Nxe4 20. Be2 Nf6
21. Bf3 Rc2 22. Rfe1 Rxb2 23. Rxe7 Rd8 24. d6 Rxd6 25. Rxb7 Rdb6 26. Rxb6 axb6
27. g3 Nd7 28. Bd5 Rd2 29. Bb3 Ne5 30. h3 Kf6 31. Rd1 Rxd1+ 32. Bxd1 Ke7 33.
Kf1 Kd6 34. Ke2 f6 35. Ke3 b5 36. Kd4 Nc6+ 37. Kc3 Kc5 38. f4 Nd4 39. Bg4 b4+
40. Kd3 1/2-1/2

[Event "MFR_HT_2015"]
[Site "Nürnberg"]
[Date "2015.04.01"]
[Round "4.13"]
[White "Schlötterer, Hermann"]
[Black "Planner, Jörg"]
[Result "1/2-1/2"]
[WhiteElo "1911"]
[BlackElo "1847"]
[PlyCount "56"]
[EventDate "2015.??.??"]
[WhiteTeam "Zabo-Eintr Nürnberg"]
[BlackTeam "SC Heilsbronn"]

1. Nf3 Nf6 2. d4 c5 3. d5 b5 4. c4 e6 5. dxe6 fxe6 6. b3 bxc4 7. bxc4 Nc6 8.
Nc3 d5 9. e3 d4 10. Na4 e5 11. Nb2 Be7 12. h3 O-O 13. Be2 e4 14. Nh2 Bd6 15.
O-O Qc7 16. f4 Rb8 17. Rb1 Be6 18. Bd2 Bf7 19. Ng4 Nxg4 20. Bxg4 g6 21. f5 Be5
22. fxg6 hxg6 23. Na4 Bxc4 24. Rxb8 Qxb8 25. Rxf8+ Qxf8 26. Qc1 Bxa2 27. Nxc5
Bd5 28. Nd7 Qf7 1/2-1/2

[Event "MFR_HT_2015"]
[Site "Nürnberg"]
[Date "2015.04.01"]
[Round "4.14"]
[White "Balhar, Michael"]
[Black "Kotz, Reinhard"]
[Result "1/2-1/2"]
[WhiteElo "1779"]
[BlackElo "2163"]
[PlyCount "56"]
[EventDate "2015.??.??"]
[WhiteTeam "SC Erlangen"]
[BlackTeam "SV Puschendorf"]

1. e4 Nf6 2. e5 Nd5 3. d4 d6 4. c4 Nb6 5. exd6 exd6 6. Nc3 Be7 7. Bd3 Nc6 8.
Nge2 Bg4 9. f3 Bh4+ 10. g3 Bxf3 11. O-O Bxe2 12. Qxe2+ Be7 13. b3 Nxd4 14. Qf2
Bf6 15. Ne4 Ne6 16. Bb2 Nd7 17. Nxf6+ gxf6 18. Bxf6 Qxf6 19. Qxf6 Nxf6 20. Rxf6
Ke7 21. Raf1 Raf8 22. Rh6 Nc5 23. Bc2 Nd7 24. Rxh7 Rxh7 25. Bxh7 Ne5 26. h4 Rh8
27. Be4 c6 28. Kg2 a5 1/2-1/2

[Event "MFR_HT_2015"]
[Site "Nürnberg"]
[Date "2015.04.01"]
[Round "4.15"]
[White "Rausch, Wolfgang sr"]
[Black "Böhme, Markus"]
[Result "0-1"]
[WhiteElo "1881"]
[BlackElo "1849"]
[PlyCount "58"]
[EventDate "2015.??.??"]
[WhiteTeam "SW Nürnberg Süd"]
[BlackTeam "SC Uttenreuth"]

1. Nf3 c5 2. c4 Nc6 3. Nc3 g6 4. d4 cxd4 5. Nxd4 Bg7 6. Nxc6 bxc6 7. e4 d6 8.
Be2 Nf6 9. O-O O-O 10. Be3 Qc7 11. Rc1 Rd8 12. Bf3 e5 13. Qe2 Be6 14. Rfd1 Qa5
15. b3 Rd7 16. Rd3 Rad8 17. Rcd1 Ne8 18. Na4 Bxc4 19. bxc4 Qxa4 20. Rb3 Nf6 21.
Bg5 h6 22. Bxf6 Bxf6 23. g3 Bg7 24. Bg4 Re7 25. f3 Qa6 26. Qd3 Qxa2 27. Ra3 Qb2
28. Kf1 Qxh2 29. Qe3 h5 0-1

[Event "MFR_HT_2015"]
[Site "Nürnberg"]
[Date "2015.04.02"]
[Round "5.1"]
[White "Miller, Eduard"]
[Black "Martin, Thomas"]
[Result "1-0"]
[WhiteElo "2157"]
[BlackElo "2282"]
[PlyCount "80"]
[EventDate "2015.??.??"]
[WhiteTeam "SC Erlangen"]
[BlackTeam "SC NT Nürnberg"]

1. e4 e6 2. d3 d5 3. Nd2 Nf6 4. Ngf3 c5 5. g3 Nc6 6. Bg2 Be7 7. O-O O-O 8. e5
Nd7 9. Re1 Re8 10. Nf1 f6 11. exf6 Bxf6 12. h4 h6 13. Ne3 Nb6 14. Nh2 e5 15.
Qh5 Be6 16. Nhg4 Bf7 17. Qf5 Bxh4 18. gxh4 Nd4 19. Nxh6+ gxh6 20. Qh3 Be6 21.
Qg3+ Kh7 22. Qxe5 Qxh4 23. c3 Rf8 24. Qg3 Rg8 25. Qxh4 Nf3+ 26. Kf1 Nxh4 27.
Bh1 Kh8 28. d4 cxd4 29. cxd4 Bd7 30. Ke2 Bb5+ 31. Kd1 Rad8 32. b3 Rgf8 33. a4
Bd3 34. Ng4 Be4 35. Bxh6 Rf5 36. Ne5 Rxf2 37. Be3 Rf5 38. Ke2 Rg8 39. Rg1 Ng2
40. Bxg2 Rg7 1-0

[Event "MFR_HT_2015"]
[Site "Nürnberg"]
[Date "2015.04.02"]
[Round "5.2"]
[White "Liepold, Stefan"]
[Black "Walter, Thomas"]
[Result "1/2-1/2"]
[WhiteElo "2224"]
[BlackElo "2149"]
[PlyCount "27"]
[EventDate "2015.??.??"]
[WhiteTeam "SC Erlangen"]
[BlackTeam "SC Erlangen"]

1. e4 e5 2. Nf3 Nc6 3. Bb5 a6 4. Ba4 Nf6 5. O-O Nxe4 6. d4 b5 7. Bb3 d5 8. dxe5
Be6 9. Nbd2 Nc5 10. c3 Be7 11. Bc2 Bg4 12. Re1 O-O 13. Nb3 Ne6 14. Qd3 1/2-1/2

[Event "MFR_HT_2015"]
[Site "Nürnberg"]
[Date "2015.04.02"]
[Round "5.3"]
[White "Reis, Gerhard"]
[Black "Bachstein, Dustin"]
[Result "1-0"]
[WhiteElo "2182"]
[BlackElo "2108"]
[PlyCount "77"]
[EventDate "2015.??.??"]
[WhiteTeam "SW Nürnberg Süd"]
[BlackTeam "SC Erlangen"]

1. Nf3 Nf6 2. c4 g6 3. g3 Bg7 4. Bg2 O-O 5. O-O d6 6. d4 Nc6 7. Nc3 a6 8. h3
Rb8 9. e4 b5 10. cxb5 axb5 11. Re1 b4 12. Nd5 Bd7 13. Bg5 h6 14. Nxf6+ exf6 15.
Be3 Re8 16. Rc1 Ne7 17. d5 f5 18. Bd4 fxe4 19. Rxe4 Nf5 20. Rxe8+ Bxe8 21. Bxg7
Kxg7 22. g4 Ne7 23. Qd4+ Kh7 24. Nd2 Ng8 25. Ne4 Ra8 26. Qxb4 Rxa2 27. Qb7 Nf6
28. Ng3 Nd7 29. Qxc7 Qf6 30. Qc3 Rxb2 31. Ne4 Qxc3 32. Rxc3 Rb1+ 33. Kh2 Kg7
34. Nxd6 Nf6 35. Rc8 Bd7 36. Rc7 Kf8 37. Ne4 Nxe4 38. Bxe4 Re1 39. Bxg6 1-0

[Event "MFR_HT_2015"]
[Site "Nürnberg"]
[Date "2015.04.02"]
[Round "5.4"]
[White "Meulner, Klaus"]
[Black "Seibold, Hubert"]
[Result "1-0"]
[WhiteElo "2129"]
[BlackElo "2168"]
[PlyCount "101"]
[EventDate "2015.??.??"]
[WhiteTeam "SW Nürnberg Süd"]
[BlackTeam "SK Zirndorf"]

1. d4 d5 2. c4 c6 3. Nc3 Nf6 4. e3 e6 5. Nf3 Nbd7 6. Qc2 Bd6 7. Bd2 b6 8. e4
dxe4 9. Nxe4 Nxe4 10. Qxe4 Bb7 11. Bd3 Nf6 12. Qh4 c5 13. d5 exd5 14. O-O-O Ne4
15. Ng5 Nxd2 16. Rxd2 h6 17. Re1+ Kf8 18. f4 Kg8 19. Qg4 hxg5 20. fxg5 Bc8 21.
Qf3 Be6 22. Bg6 fxg6 23. Rxe6 Rh4 24. Qxd5 Be7 25. Rd6+ Kh7 26. Rxd8 Rxd8 27.
Qe5 Rxc4+ 28. Kd1 Rxd2+ 29. Kxd2 Rd4+ 30. Ke2 Bd6 31. Qe6 Bf4 32. h4 Bg3 33.
Qh3 Bf4 34. g3 Bc1 35. b3 Rd2+ 36. Kf3 Rxa2 37. Qf1 Rc2 38. Qd3 Rh2 39. Qb1 Bb2
40. g4 Bd4 41. h5 Rf2+ 42. Kg3 Rb2 43. Qxg6+ Kh8 44. Qe8+ Kh7 45. Qe4+ Kg8 46.
Qe6+ Kf8 47. g6 Rf2 48. g5 Rf1 49. h6 gxh6 50. gxh6 Rf6 51. g7# 1-0

[Event "MFR_HT_2015"]
[Site "Nürnberg"]
[Date "2015.04.02"]
[Round "5.5"]
[White "Ulusoy, Tolga"]
[Black "Wagner, Florian"]
[Result "0-1"]
[WhiteElo "2048"]
[BlackElo "2145"]
[PlyCount "56"]
[EventDate "2015.??.??"]
[WhiteTeam "SC NT Nürnberg"]
[BlackTeam "SC NT Nürnberg"]

1. e4 c5 2. c3 d6 3. d4 Nf6 4. f3 Nbd7 5. Be3 e6 6. Bd3 Be7 7. Ne2 Rb8 8. a4
O-O 9. b4 cxb4 10. cxb4 d5 11. Qb3 dxe4 12. fxe4 Ng4 13. Bd2 Bd6 14. Nbc3 Bxh2
15. Rxh2 Nxh2 16. Bf4 e5 17. dxe5 Ng4 18. O-O-O Ndxe5 19. Nd5 Be6 20. Bc2 Bxd5
21. Rxd5 Qf6 22. Qg3 Rfe8 23. Nd4 Rbd8 24. Nf3 Rxd5 25. exd5 Nc4 26. Qxg4 Qb2+
27. Kd1 Qa1+ 28. Bc1 Ne3+ 0-1

[Event "MFR_HT_2015"]
[Site "Nürnberg"]
[Date "2015.04.02"]
[Round "5.6"]
[White "Tong, Kevin"]
[Black "Hirn, Oskar"]
[Result "1/2-1/2"]
[WhiteElo "1859"]
[BlackElo "2218"]
[PlyCount "20"]
[EventDate "2015.??.??"]
[WhiteTeam "SC Erlangen"]
[BlackTeam "SC NT Nürnberg"]

1. e4 d6 2. d4 Nf6 3. Nc3 g6 4. f4 Bg7 5. Nf3 O-O 6. Bd3 c5 7. dxc5 dxc5 8. e5
Nd5 9. Nxd5 Qxd5 10. Qe2 Bf5 1/2-1/2

[Event "MFR_HT_2015"]
[Site "Nürnberg"]
[Date "2015.04.02"]
[Round "5.7"]
[White "Drees, Martin"]
[Black "Heimrath, Reiner"]
[Result "0-1"]
[WhiteElo "1942"]
[BlackElo "2277"]
[PlyCount "126"]
[EventDate "2015.??.??"]
[WhiteTeam "TSV Cadolzburg"]
[BlackTeam "SC NT Nürnberg"]

1. e4 d6 2. Nf3 g6 3. d4 Bg7 4. Nc3 h6 5. Bc4 e6 6. Be3 Ne7 7. O-O a6 8. Qd2
Nd7 9. Rad1 b5 10. Bd3 Bb7 11. a3 Nf6 12. h3 Qd7 13. Qe2 O-O 14. e5 Nfd5 15.
Bd2 Nxc3 16. Bxc3 Rad8 17. Rfe1 Qc8 18. Bd2 dxe5 19. dxe5 c5 20. c4 bxc4 21.
Bxc4 Qa8 22. Be3 Rc8 23. Rd7 Nd5 24. Rxb7 Qxb7 25. Bxa6 Qb3 26. Bxc8 Rxc8 27.
Qd2 g5 28. Re2 Qb8 29. h4 g4 30. Nh2 g3 31. Nf3 gxf2+ 32. Kxf2 Bxe5 33. Nxe5
Qxe5 34. Bxh6 Qf6+ 35. Kg3 Kh8 36. Bg5 Qg7 37. Kh2 Rg8 38. Rf2 f6 39. Qxd5 Qc7+
40. Bf4 Qxf4+ 41. Rxf4 exd5 42. Rxf6 Rg4 43. g3 Kg7 44. Rf4 Rg6 45. Kg2 Rb6 46.
b4 c4 47. Kf2 Re6 48. Rd4 Re5 49. Kf3 Kf6 50. g4 Ke6 51. h5 Re1 52. Rd2 Ra1 53.
Re2+ Kd6 54. g5 Rxa3+ 55. Kg4 d4 56. h6 d3 57. Re8 Ra7 58. g6 d2 59. g7 d1=Q+
60. Kg5 Qd2+ 61. Kg6 Qd3+ 62. Kf6 Qf3+ 63. Kg6 Qf7+ 0-1

[Event "MFR_HT_2015"]
[Site "Nürnberg"]
[Date "2015.04.02"]
[Round "5.8"]
[White "Erlbeck, Peter"]
[Black "Konsek, Peter"]
[Result "1/2-1/2"]
[WhiteElo "2091"]
[BlackElo "2075"]
[PlyCount "36"]
[EventDate "2015.??.??"]
[WhiteTeam "SW Nürnberg Süd"]
[BlackTeam "SW Nürnberg Süd"]

1. e4 e6 2. d4 d5 3. e5 c5 4. c3 Nc6 5. Nf3 Qb6 6. a3 c4 7. Nbd2 f6 8. Be2 fxe5
9. Nxe5 Nxe5 10. dxe5 Bc5 11. O-O Ne7 12. b4 cxb3 13. Nxb3 O-O 14. Nxc5 Qxc5
15. Be3 Qxc3 16. Bd4 Qa5 17. Qd3 Bd7 18. Rab1 b6 1/2-1/2

[Event "MFR_HT_2015"]
[Site "Nürnberg"]
[Date "2015.04.02"]
[Round "5.10"]
[White "Link, Andreas"]
[Black "Brenner, Christian"]
[Result "1-0"]
[WhiteElo "1983"]
[BlackElo "2049"]
[PlyCount "89"]
[EventDate "2015.??.??"]
[WhiteTeam "Zabo-Eintr Nürnberg"]
[BlackTeam "Zabo-Eintr Nürnberg"]

1. Nf3 Nf6 2. c4 g6 3. g3 Bg7 4. Bg2 O-O 5. O-O d6 6. d4 Nbd7 7. Nc3 c6 8. Qc2
e5 9. Bg5 h6 10. Bd2 Qe7 11. d5 cxd5 12. Nxd5 Nxd5 13. cxd5 Nb6 14. e4 f5 15.
Nh4 Qf6 16. exf5 g5 17. Nf3 Bxf5 18. Qb3 Rac8 19. Rac1 Rxc1 20. Bxc1 Bg4 21.
Nd2 Be2 22. Ne4 Qg6 23. Re1 Bc4 24. Qb4 Bxd5 25. Nxd6 Bxg2 26. Kxg2 Qf6 27.
Qb3+ Kh8 28. Ne4 Qc6 29. Kg1 Nd7 30. Bd2 Nf6 31. Nxf6 Qxf6 32. Qe3 b6 33. Bc3
Re8 34. Qe4 Qe6 35. a3 Kg8 36. f4 gxf4 37. gxf4 Qg4+ 38. Kh1 Kh8 39. fxe5 Qxe4+
40. Rxe4 Kg8 41. Kg2 Kf7 42. e6+ Kf8 43. Rf4+ Kg8 44. Rg4 Re7 45. Kf3 1-0

[Event "MFR_HT_2015"]
[Site "Nürnberg"]
[Date "2015.04.02"]
[Round "5.11"]
[White "Planner, Jörg"]
[Black "Giering, Götz"]
[Result "0-1"]
[WhiteElo "1847"]
[BlackElo "1766"]
[PlyCount "76"]
[EventDate "2015.??.??"]
[WhiteTeam "SC Heilsbronn"]
[BlackTeam "SV Lauf"]

1. e4 Nf6 2. Nc3 e5 3. Bc4 Bc5 4. d3 d6 5. f4 exf4 6. Bxf4 Be6 7. Bxe6 fxe6 8.
d4 Bb4 9. Qd3 Bxc3+ 10. bxc3 O-O 11. Bg5 Qe8 12. Nf3 Qg6 13. Bxf6 Rxf6 14. O-O
Nd7 15. Rab1 Rb8 16. Nd2 Rxf1+ 17. Nxf1 Nb6 18. Nd2 d5 19. Re1 Rf8 20. c4 c6
21. Re3 Qh5 22. h3 Qd1+ 23. Kh2 Rf2 24. Rg3 Qxd2 25. Qa3 Nc8 26. cxd5 cxd5 27.
exd5 exd5 28. Qc5 Nb6 29. c3 Rf7 30. Qa5 Qf4 31. Qxa7 Qc7 32. Qa3 Rf6 33. Qc1
Rg6 34. Qe1 Qxg3+ 35. Qxg3 Rxg3 36. Kxg3 Kf7 37. Kf4 Ke6 38. g4 Na4 0-1

[Event "MFR_HT_2015"]
[Site "Nürnberg"]
[Date "2015.04.02"]
[Round "5.12"]
[White "Böhme, Markus"]
[Black "Auburger, Philipp"]
[Result "0-1"]
[WhiteElo "1849"]
[BlackElo "1978"]
[PlyCount "120"]
[EventDate "2015.??.??"]
[WhiteTeam "SC Uttenreuth"]
[BlackTeam "SC Forchheim"]

1. c4 Nf6 2. Nc3 d5 3. cxd5 Nxd5 4. g3 g6 5. Bg2 Nb6 6. d3 Bg7 7. Be3 O-O 8.
Qd2 N8d7 9. Bh6 Nf6 10. h4 Re8 11. Bxg7 Kxg7 12. h5 e5 13. hxg6 fxg6 14. Qh6+
Kg8 15. Nf3 Re7 16. Ng5 Rg7 17. Nce4 Nbd5 18. O-O-O c6 19. Nxf6+ Nxf6 20. Be4
Qe7 21. f3 Be6 22. Kb1 Rd8 23. Rh2 Bd5 24. Rdh1 Bxe4 25. Nxe4 Nxe4 26. fxe4 Rf7
27. Qe3 b6 28. Qc1 Qe6 29. Rf1 Rxf1 30. Qxf1 Rf8 31. Rf2 Rxf2 32. Qxf2 Kg7 33.
Qe3 h5 34. a3 c5 35. Kc2 Qf6 36. Qd2 g5 37. Qc3 h4 38. gxh4 gxh4 39. b4 Qd6 40.
Qe1 cxb4 41. axb4 Qc6+ 42. Kb3 Qe6+ 43. Kb2 Qg4 44. Qc3 Kf6 45. e3 h3 46. Qc6+
Qe6 47. Qa8 Kg5 48. Qxa7 Kh4 49. Qg7 Qg4 50. Qxe5 Qe2+ 51. Ka3 h2 52. Qf4+ Kh3
53. Qf5+ Kg2 54. Qg6+ Kf1 55. Qf6+ Kg1 56. Qa1+ Kg2 57. Qg7+ Kf2 58. Qh6 Qxd3+
59. Kb2 Qe2+ 60. Kc1 Qxe3+ 0-1

[Event "MFR_HT_2015"]
[Site "Nürnberg"]
[Date "2015.04.02"]
[Round "5.13"]
[White "Kotz, Reinhard"]
[Black "Vogiatzis, Dimitrios"]
[Result "1/2-1/2"]
[WhiteElo "2163"]
[BlackElo "2086"]
[PlyCount "40"]
[EventDate "2015.??.??"]
[WhiteTeam "SV Puschendorf"]
[BlackTeam "SC NT Nürnberg"]

1. f4 d5 2. Nf3 e6 3. e3 f5 4. b3 Nf6 5. Bb2 Bd6 6. d3 O-O 7. Nbd2 c6 8. Qe2 a5
9. a4 b5 10. h3 bxa4 11. bxa4 Na6 12. g4 Nb4 13. Rc1 Na2 14. Ra1 Nb4 15. Kd1 c5
16. Rg1 fxg4 17. hxg4 Rb8 18. Bc3 d4 19. Bxb4 Rxb4 20. e4 Bxf4 1/2-1/2

[Event "MFR_HT_2015"]
[Site "Nürnberg"]
[Date "2015.04.02"]
[Round "5.14"]
[White "Kroneder, Christian"]
[Black "Schlötterer, Hermann"]
[Result "1-0"]
[WhiteElo "2067"]
[BlackElo "1911"]
[PlyCount "85"]
[EventDate "2015.??.??"]
[WhiteTeam "SK Schwanstetten"]
[BlackTeam "Zabo-Eintr Nürnberg"]

1. e4 Nf6 2. e5 Nd5 3. d4 d6 4. Nf3 Bg4 5. Be2 e6 6. h3 Bh5 7. O-O Be7 8. c4
Nb6 9. Be3 Nc6 10. exd6 cxd6 11. Nc3 O-O 12. Nd2 Bg6 13. Rc1 Rc8 14. Nf3 d5 15.
c5 Nc4 16. Bxc4 dxc4 17. Ne2 Qa5 18. Rc3 Qxa2 19. Qc1 Qa5 20. Nf4 Bf5 21. Nd2
Qd8 22. Nxc4 Nb4 23. Rb3 a5 24. Nxa5 Qxa5 25. Bd2 Bxc5 26. dxc5 Rxc5 27. Bxb4
Rxc1 28. Bxa5 Rxf1+ 29. Kxf1 Be4 30. Bc3 Rd8 31. Kg1 Kf8 32. Rb4 Bc6 33. Nh5 f6
34. Rg4 Rd7 35. Bb4+ Ke8 36. Nxg7+ Kf7 37. Nh5 Rd1+ 38. Kh2 e5 39. Rg7+ Ke6 40.
Rxh7 Rf1 41. Re7+ Kf5 42. Ng3+ Kg6 43. Nxf1 1-0

[Event "MFR_HT_2015"]
[Site "Nürnberg"]
[Date "2015.04.02"]
[Round "5.15"]
[White "Balhar, Michael"]
[Black "Rausch, Wolfgang sr"]
[Result "1-0"]
[WhiteElo "1779"]
[BlackElo "1881"]
[PlyCount "77"]
[EventDate "2015.??.??"]
[WhiteTeam "SC Erlangen"]
[BlackTeam "SW Nürnberg Süd"]

1. e4 Nf6 2. e5 Nd5 3. d4 d6 4. c4 Nb6 5. f4 Bf5 6. Nc3 dxe5 7. fxe5 e6 8. Be3
Nc6 9. Be2 Nb4 10. Rc1 c5 11. Nf3 cxd4 12. Nxd4 Nc6 13. Nxc6 bxc6 14. Qxd8+
Rxd8 15. Bf3 Rc8 16. Ne4 Bb4+ 17. Ke2 Bxe4 18. Bxe4 h6 19. a3 Be7 20. Rhd1 Rc7
21. Bxb6 axb6 22. Rc3 O-O 23. Rb3 Rb8 24. a4 Rcc8 25. Rd7 Kf8 26. Ra7 c5 27.
Rd3 Rd8 28. Rb3 Rd4 29. Bd3 Bd8 30. a5 g5 31. a6 g4 32. Rb7 Rxb7 33. axb7 Bc7
34. Rxb6 Rd8 35. Rc6 Bxe5 36. Rxc5 Bxh2 37. Rc8 Ke7 38. c5 Kd7 39. c6+ 1-0

[Event "MFR_HT_2015"]
[Site "Nürnberg"]
[Date "2015.04.02"]
[Round "6.1"]
[White "Walter, Thomas"]
[Black "Martin, Thomas"]
[Result "0-1"]
[WhiteElo "2149"]
[BlackElo "2282"]
[PlyCount "136"]
[EventDate "2015.??.??"]
[WhiteTeam "SC Erlangen"]
[BlackTeam "SC NT Nürnberg"]

1. e4 e6 2. d4 d5 3. Bd3 dxe4 4. Bxe4 Nf6 5. Bf3 c5 6. Ne2 Nc6 7. Be3 Qb6 8.
Nbc3 e5 9. Bxc6+ Qxc6 10. dxe5 Ng4 11. Qd5 Nxe3 12. Qxc6+ bxc6 13. fxe3 Be7 14.
O-O-O O-O 15. Ne4 Bg4 16. Rd2 Rfd8 17. Rhd1 Rd5 18. Rxd5 cxd5 19. N4c3 Bg5 20.
Rxd5 Bxe3+ 21. Kb1 Re8 22. h3 Be6 23. Rd3 Bg5 24. Rd6 f5 25. Rc6 Bc8 26. Rxc5
Be3 27. Rc4 Ba6 28. Ra4 Bb7 29. g3 Rxe5 30. b3 g5 31. Rb4 Bb6 32. Rb5 Rc5 33.
b4 Rxb5 34. Nxb5 Bg2 35. h4 f4 36. Nxf4 gxf4 37. gxf4 Bf1 38. Nd6 Bc7 39. Nc8
a6 40. f5 Kf7 41. a4 Kf6 42. Kb2 Kxf5 43. Kb3 Ke6 44. Na7 Bb6 45. Nc6 Kd6 46.
b5 axb5 47. axb5 Bxb5 48. Nb4 Bd8 49. c4 Be8 50. h5 Bxh5 51. Nd3 Bg6 52. Kc3
Bf6+ 53. Kd2 Bd4 54. Ke2 Be4 55. Ne1 Kc5 56. Nf3 Kxc4 57. Ng5 Kd5 58. Kf1 Bg6
59. Kg2 Be3 60. Nf3 Bf4 61. Nh4 Ke4 62. Kh3 Bg5 63. Ng2 Kf3 64. Kh2 Kf2 65. Kh1
Bf5 66. Kh2 Bd8 67. Nf4 Bc7 68. Kh1 Be4+ 0-1

[Event "MFR_HT_2015"]
[Site "Nürnberg"]
[Date "2015.04.02"]
[Round "6.2"]
[White "Meulner, Klaus"]
[Black "Liepold, Stefan"]
[Result "0-1"]
[WhiteElo "2129"]
[BlackElo "2224"]
[PlyCount "84"]
[EventDate "2015.??.??"]
[WhiteTeam "SW Nürnberg Süd"]
[BlackTeam "SC Erlangen"]

1. d4 Nf6 2. Bg5 c5 3. d5 Qb6 4. Nc3 Qxb2 5. Bd2 Qb6 6. e4 d6 7. f4 e5 8. f5 h5
9. Nf3 Qc7 10. Ng5 a6 11. a4 b6 12. Bc4 Be7 13. O-O Bb7 14. Qe2 Nbd7 15. Rfb1
Qd8 16. a5 b5 17. Ne6 fxe6 18. fxe6 Bc8 19. Nxb5 axb5 20. Bxb5 O-O 21. a6 Qc7
22. c4 Qa7 23. Bc6 Rb8 24. exd7 Rxb1+ 25. Rxb1 Bxa6 26. Bg5 Bd8 27. Bxf6 Bxf6
28. Qa2 Rb8 29. Rxb8+ Qxb8 30. Qxa6 Qb1+ 31. Kf2 Qc2+ 32. Kf1 Qd3+ 33. Kf2 Qd2+
34. Kf1 Qf4+ 35. Kg1 Qxe4 36. g3 Qe1+ 37. Kg2 Qe2+ 38. Kg1 e4 39. d8=Q+ Bxd8
40. Qc8 Qe3+ 41. Kf1 Qf3+ 42. Ke1 e3 0-1

[Event "MFR_HT_2015"]
[Site "Nürnberg"]
[Date "2015.04.02"]
[Round "6.3"]
[White "Wagner, Florian"]
[Black "Reis, Gerhard"]
[Result "1/2-1/2"]
[WhiteElo "2145"]
[BlackElo "2182"]
[PlyCount "113"]
[EventDate "2015.??.??"]
[WhiteTeam "SC NT Nürnberg"]
[BlackTeam "SW Nürnberg Süd"]

1. e4 c5 2. Nf3 d6 3. d4 cxd4 4. Nxd4 Nf6 5. f3 a6 6. c4 e6 7. Nc3 Be7 8. Be2
Qc7 9. O-O Nbd7 10. Be3 b6 11. Qd2 Bb7 12. Rfc1 Rc8 13. Rab1 Qb8 14. b4 O-O 15.
Kh1 Rfe8 16. Bf1 Bd8 17. Qf2 Bc7 18. Qg1 Qa8 19. Nb3 Qb8 20. Bd4 h6 21. Na4 Bc6
22. Nb2 b5 23. Bf2 e5 24. Nd2 Qa8 25. a4 bxc4 26. Bxc4 d5 27. exd5 Nxd5 28. b5
Bb7 29. Nd3 a5 30. b6 Bb8 31. Bb5 N5f6 32. Nc5 Nxc5 33. Bxe8 Rxe8 34. Bxc5 e4
35. Nxe4 Nxe4 36. fxe4 Rxe4 37. Re1 Qa6 38. Qf1 Qa8 39. Rxe4 Bxe4 40. Rb2 Qd5
41. Bg1 f5 42. Qb5 Qb7 43. Re2 Kh7 44. Rxe4 Qxe4 45. Qxa5 Be5 46. Qd2 Qxa4 47.
Qd5 Qe8 48. b7 Kg6 49. h3 Bb8 50. Bf2 Qe2 51. Qc6+ Kh7 52. Bg1 Qe1 53. Qb6 Qg3
54. Qc5 Kg6 55. Qc6+ Kh7 56. Qc5 Kg6 57. Qc6+ 1/2-1/2

[Event "MFR_HT_2015"]
[Site "Nürnberg"]
[Date "2015.04.02"]
[Round "6.4"]
[White "Wittmann, Helmut"]
[Black "Tong, Kevin"]
[Result "1-0"]
[WhiteElo "2103"]
[BlackElo "1859"]
[PlyCount "59"]
[EventDate "2015.??.??"]
[WhiteTeam "BSG Wöhrlhaus"]
[BlackTeam "SC Erlangen"]

1. d4 d5 2. c4 c6 3. Nf3 Nf6 4. Nc3 dxc4 5. Ne5 Nbd7 6. Nxc4 b5 7. Ne3 Bb7 8.
g3 c5 9. Bg2 Bxg2 10. Nxg2 b4 11. Na4 cxd4 12. Qxd4 e5 13. Qd3 Be7 14. O-O O-O
15. Bg5 Qa5 16. b3 Rfd8 17. Qf5 h6 18. Bc1 Nf8 19. Nb2 Qc7 20. Nc4 e4 21. Bf4
Qb7 22. Rfd1 Ne6 23. Nd6 Bxd6 24. Bxd6 Rac8 25. Ne3 Qb6 26. Be7 Rxd1+ 27. Rxd1
Ne8 28. Nd5 Qb7 29. Bxb4 Nc5 30. Qxc8 1-0

[Event "MFR_HT_2015"]
[Site "Nürnberg"]
[Date "2015.04.02"]
[Round "6.5"]
[White "Heimrath, Reiner"]
[Black "Bachstein, Dustin"]
[Result "0-1"]
[WhiteElo "2277"]
[BlackElo "2108"]
[PlyCount "102"]
[EventDate "2015.??.??"]
[WhiteTeam "SC NT Nürnberg"]
[BlackTeam "SC Erlangen"]

1. e4 e5 2. Nf3 Nc6 3. Bc4 Bc5 4. d3 Nf6 5. Bb3 a6 6. c3 Ba7 7. Qe2 d6 8. Nbd2
Be6 9. Nc4 h6 10. h3 Qe7 11. Be3 Bxe3 12. Nxe3 Bxb3 13. axb3 Qe6 14. Nf5 O-O
15. Nd2 d5 16. Qf3 Kh7 17. g4 dxe4 18. dxe4 g6 19. Ng3 Rad8 20. Nc4 Rd7 21. Ne3
Rfd8 22. b4 Rd2 23. Rb1 Kg7 24. O-O Qb3 25. h4 Rxb2 26. Rxb2 Qxb2 27. g5 hxg5
28. hxg5 Nh7 29. Qg4 Qxc3 30. Qh4 Qxb4 31. Kg2 Rh8 32. Nd5 Nf8 33. Qg4 Qd6 34.
Rh1 Qe6 35. Qd1 Nh7 36. Nxc7 Qe7 37. Nd5 Qxg5 38. Qb1 Nd8 39. Qb2 Nf6 40. Rxh8
Kxh8 41. Kf1 Kg7 42. Nc7 Qf4 43. Qc3 Ng4 44. Qc5 Nc6 45. Ne8+ Kg8 46. Nd6 Nd4
47. Qc8+ Kh7 48. Nh1 Qf3 49. Kg1 Qh3 50. Qh8+ Kxh8 51. Nxf7+ Kg7 0-1

[Event "MFR_HT_2015"]
[Site "Nürnberg"]
[Date "2015.04.02"]
[Round "6.6"]
[White "Hirn, Oskar"]
[Black "Miller, Eduard"]
[Result "0-1"]
[WhiteElo "2218"]
[BlackElo "2157"]
[PlyCount "80"]
[EventDate "2015.??.??"]
[WhiteTeam "SC NT Nürnberg"]
[BlackTeam "SC Erlangen"]

1. d4 Nf6 2. c4 c5 3. d5 e5 4. Nc3 d6 5. e4 Be7 6. g3 O-O 7. Bg2 a6 8. Nge2
Nbd7 9. O-O Ne8 10. Be3 g6 11. Nc1 b5 12. cxb5 axb5 13. Nd3 b4 14. Ne2 Ng7 15.
f4 exf4 16. gxf4 Ba6 17. Ng3 Bf6 18. Rf2 Bc4 19. e5 dxe5 20. Nxc5 exf4 21. Nxd7
Qxd7 22. Rxf4 Bg5 23. Ne4 Nf5 24. Bf2 Bd8 25. Nc5 Qb5 26. b3 Be2 27. Qe1 Rb8
28. Re4 Bf6 29. Rc1 Bg5 30. Rc2 Bd3 31. Nxd3 Qxd3 32. Rcc4 Qxd5 33. Rxb4 Rxb4
34. Rxb4 Qd6 35. Rb6 Qa3 36. Qe2 Rd8 37. Rb7 Qc1+ 38. Bf1 Ne3 39. Be1 Rd5 40.
Rb5 Rxb5 0-1

[Event "MFR_HT_2015"]
[Site "Nürnberg"]
[Date "2015.04.02"]
[Round "6.7"]
[White "Seibold, Hubert"]
[Black "Link, Andreas"]
[Result "1-0"]
[WhiteElo "2168"]
[BlackElo "1983"]
[PlyCount "75"]
[EventDate "2015.??.??"]
[WhiteTeam "SK Zirndorf"]
[BlackTeam "Zabo-Eintr Nürnberg"]

1. d4 d5 2. Nf3 Nf6 3. Bf4 g6 4. e3 Bg7 5. c4 O-O 6. Nc3 c5 7. dxc5 Qa5 8. Qa4
Qxa4 9. Nxa4 dxc4 10. Bxc4 Ne4 11. Bd5 Nf6 12. Bb3 Bd7 13. Rc1 Na6 14. Ne5 Rac8
15. c6 Bxc6 16. Nxc6 bxc6 17. Bc4 Nb4 18. Be5 Rfd8 19. Ke2 Nbd5 20. Ba6 Rb8 21.
Bxb8 Rxb8 22. Bc4 Ne4 23. Bxd5 cxd5 24. Rc7 Be5 25. Rc2 Kg7 26. b3 e6 27. Nc5
Nf6 28. Nd3 Bd6 29. Rc6 Rd8 30. f3 e5 31. Nc5 Bb8 32. Rd1 d4 33. e4 h5 34. Nd3
h4 35. Rdc1 Rd7 36. R1c5 Re7 37. Rb5 Nd7 38. Rb7 1-0

[Event "MFR_HT_2015"]
[Site "Nürnberg"]
[Date "2015.04.02"]
[Round "6.8"]
[White "Giering, Götz"]
[Black "Erlbeck, Peter"]
[Result "1/2-1/2"]
[WhiteElo "1766"]
[BlackElo "2091"]
[PlyCount "41"]
[EventDate "2015.??.??"]
[WhiteTeam "SV Lauf"]
[BlackTeam "SW Nürnberg Süd"]

1. d4 f5 2. c4 Nf6 3. Nc3 g6 4. g3 Bg7 5. Bg2 O-O 6. Nf3 d6 7. b4 c6 8. Bb2 Qe8
9. Qb3 Kh8 10. O-O e5 11. dxe5 dxe5 12. a4 h6 13. a5 g5 14. Na4 Nbd7 15. b5 c5
16. b6 Ne4 17. Rfd1 axb6 18. Nxb6 Nxb6 19. axb6 Rxa1 20. Bxa1 Bd7 21. Qa3
1/2-1/2

[Event "MFR_HT_2015"]
[Site "Nürnberg"]
[Date "2015.04.02"]
[Round "6.9"]
[White "Ulusoy, Tolga"]
[Black "Konsek, Peter"]
[Result "1-0"]
[WhiteElo "2048"]
[BlackElo "2075"]
[PlyCount "89"]
[EventDate "2015.??.??"]
[WhiteTeam "SC NT Nürnberg"]
[BlackTeam "SW Nürnberg Süd"]

1. e4 d6 2. d4 Nf6 3. Nc3 g6 4. f4 Bg7 5. Nf3 O-O 6. e5 dxe5 7. fxe5 Nd5 8. Bc4
Nb6 9. Bb3 Nc6 10. O-O Na5 11. Be3 Bg4 12. Qd3 Bf5 13. Qe2 Nxb3 14. axb3 Nd5
15. h3 Nxe3 16. Qxe3 Bxc2 17. b4 Bb3 18. h4 h6 19. Ra3 Bc4 20. Rfa1 a6 21. b5
Qd7 22. Ra5 Rad8 23. bxa6 Bxa6 24. b4 Bc4 25. Rc5 Bb3 26. Ra7 c6 27. b5 Rc8 28.
b6 Rfd8 29. Rca5 Bd5 30. Nxd5 cxd5 31. Qa3 e6 32. Kh2 Bf8 33. Qa4 Qe7 34. Ra8
Kh7 35. Rxc8 Rxc8 36. Ra8 Rc6 37. Qa7 g5 38. Rb8 g4 39. Rxb7 Qd8 40. Rxf7+ Kg8
41. Rh7 Qe8 42. b7 Qg6 43. b8=Q g3+ 44. Kh1 Rc1+ 45. Ng1 1-0